01365nam a2200433 i 450000100060000000300090000600500170001500800390003202000150007104000360008604100080012208000080013008000080013808000130014608000120015910000330017124500640020425000130026826001030028130000430038433600270042733700540045433800280050838000160053638000270055238500390057938800140061838800100063250400260064265000100066865000100067865000130068865000190070165500300072065800300075065800280078071000250080885600980083353125KOSZ 00520210531093256.0070323s2005 pl f |000 0 pol a8374640251 cKOSZ 005aKOSZ 005dKOSZ 005/HR0 apol a528 a625 a624.2/.8 a(075.8)1 aGocał, Jand(1940- )eAutor10aGeodezja inżynieryjno-przemysłowa.nCz. 2 /cJan Gocał. a(dodr.). aKraków :bAGH [Akademia Górniczo-Hutnicza]. Uczelniane Wydawnictwa Naukowo-Dydaktyczne,c2005. a339 s. :bil. (w tym kolor.) ;c24 cm. 2rdakontentaTekstbtxt 2rdamediaaBez urządzenia pośredniczącegobn 2rdacarrieraWoluminbnc aKsiążki aPublikacje dydaktyczne mPoziom nauczaniaaSzkoły wyższe a1901-2000 a2001- aBibliogr. przy rozdz. 4aDrogi 9aMosty 4aGeodezja 9aLinie kolejowe aPodręczniki akademickie aGeografia i nauki o Ziemi aInżynieria i technika aWydawnictwo AGH4pbl uhttp://koha.tu.koszalin.pl/cgi-bin/koha/opac-detail.pl?biblionumber=53152yKatalog online BPK